טוען...
FLOWER POLLINATION IN THE PHLOX FAMILY
| מחבר ראשי: | |
|---|---|
| פורמט: | Printed Book |
| יצא לאור: |
NEW YORK & LONDON
COLUMBIA UNIVERSITY PRESS
1965
|
| מהדורה: | THIRD |
| נושאים: |
| LEADER | 00560nam a2200205 4500 | ||
|---|---|---|---|
| 020 | |||
| 037 | |||
| 082 | |a 571.864 2 GRA | ||
| 100 | |a GRANT,Verne and GRANT,Karen A. | ||
| 245 | |a FLOWER POLLINATION IN THE PHLOX FAMILY |h English | ||
| 250 | |a THIRD | ||
| 260 | |a NEW YORK & LONDON |b COLUMBIA UNIVERSITY PRESS |c 1965 | ||
| 300 | |a 180 |f HB | ||
| 500 | |||
| 590 | |||
| 630 | |||
| 650 | |a POLLINATION | ||
| 942 | |c TB | ||
| 999 | |c 167195 |d 167195 | ||
| 952 | |0 0 |1 0 |4 0 |6 571_864000000000000_2_GRA |7 0 |9 180639 |a BOT |b BOT |l 0 |o 571.864 2 GRA |p BOT2265 |r 2019-10-25 |w 2019-10-25 |y TB | ||